000 00379nam a2200181Ia 4500
100 _aAggarwak/K/K
650 _aSoftware Engineering
250 _a3
942 _cBK
366 _f20
654 _asoftware engineering
245 _aSoftware Engineering
260 _bNew Age Int (P) Ltd
_c2008
082 _bAGG
300 _a507
546 _aENGLISH
999 _c30553
_d30553